[Event "4NCL"]
[Site "Barcelo Hotel, Hinckley Island"]
[Date "2012.01.15"]
[Round "165.1"]
[White "Crouch, Colin S"]
[Black "Twyble, Michael"]
[Result "1-0"]
[WhiteElo "2374"]
[BlackElo "2274"]
[PlyCount "71"]
[EventDate "2012.??.??"]
[WhiteTeam "Pandora's Box Grantham"]
[BlackTeam "Barbican Youth"]

1. d4 e6 2. e4 d5 3. Nd2 Nf6 4. e5 Nfd7 5. Bd3 c5 6. c3 Nc6 7. Ne2 cxd4 8. cxd4
Qb6 9. Nf3 Bb4+ 10. Kf1 f6 11. Nf4 fxe5 12. Nxe6 g6 13. Nfg5 Be7 14. Ng7+ Kf8
15. N7e6+ Kg8 16. dxe5 Ndxe5 17. Be2 Nb4 18. Be3 Qd6 19. Bc5 Qd7 20. Rc1 Bxc5
21. Nxc5 Qd8 22. h4 b6 23. Nd3 Nbxd3 24. Bxd3 Bb7 25. Rh3 Qd6 26. Re3 h6 27.
Nf3 Ng4 28. Re1 Rf8 29. Qe2 Rf7 30. Qe6 Nh2+ 31. Nxh2 Qxh2 32. Qxg6+ Kf8 33.
Bb1 Qh1+ 34. Ke2 Qxh4 35. Kd3 Qg5 36. Re8+ 1-0

[Event "4NCL"]
[Site "Barcelo Hotel, Hinckley Island"]
[Date "2012.01.15"]
[Round "165.2"]
[White "Chapman, Terry PD"]
[Black "Polaczek, Richard"]
[Result "1/2-1/2"]
[WhiteElo "2253"]
[BlackElo "2377"]
[PlyCount "47"]
[EventDate "2012.??.??"]
[WhiteTeam "Barbican Youth"]
[BlackTeam "Pandora's Box Grantham"]

1. Nf3 d5 2. d4 Nf6 3. c4 e6 4. g3 dxc4 5. Bg2 Bd7 6. Ne5 Bc6 7. Nxc6 Nxc6 8.
O-O Qd7 9. e3 Rb8 10. Qe2 b5 11. b3 cxb3 12. axb3 Rb6 13. Bxc6 Qxc6 14. Rxa7
Bd6 15. Ba3 Bxa3 16. Nxa3 O-O 17. Qc2 Qxc2 18. Nxc2 Rc6 19. Na3 Rb8 20. Nxb5
Ne8 21. Ra5 Rcb6 22. Nc3 Rxb3 23. Rc1 Kf8 24. Kg2 1/2-1/2

[Event "4NCL"]
[Site "Barcelo Hotel, Hinckley Island"]
[Date "2012.01.15"]
[Round "165.3"]
[White "Ross, Chris N"]
[Black "Sanders, Isaac B"]
[Result "1/2-1/2"]
[WhiteElo "2237"]
[BlackElo "2103"]
[PlyCount "80"]
[EventDate "2012.??.??"]
[WhiteTeam "Pandora's Box Grantham"]
[BlackTeam "Barbican Youth"]

1. e4 e5 2. Nf3 Nc6 3. Bb5 a6 4. Ba4 Nf6 5. O-O b5 6. Bb3 Be7 7. Re1 O-O 8. h3
d6 9. c3 Na5 10. Bc2 c5 11. d4 Qc7 12. Nbd2 Re8 13. a4 Bd7 14. d5 Bf8 15. b4
Nb7 16. a5 Rac8 17. Bb3 Nh5 18. Nf1 c4 19. Bc2 g6 20. Be3 h6 21. N3h2 Bg7 22.
Qd2 Kh7 23. Rac1 Rf8 24. Ng4 Nf4 25. Bb6 Qb8 26. Nge3 Rce8 27. h4 Qc8 28. g3
Nh5 29. Bd1 Nf6 30. f3 h5 31. Ng2 Ng8 32. Nh2 f6 33. Bc2 Nh6 34. Rf1 Nd8 35.
Rce1 Ndf7 36. Re2 Bh3 37. Rfe1 Kg8 38. Be3 Kh7 39. Bb6 Kg8 40. Be3 Kh7 1/2-1/2

[Event "4NCL"]
[Site "Barcelo Hotel, Hinckley Island"]
[Date "2012.01.15"]
[Round "165.4"]
[White "Farrand, Julian T"]
[Black "Cumbers, Paul"]
[Result "0-1"]
[WhiteElo "2124"]
[BlackElo "2157"]
[PlyCount "74"]
[EventDate "2012.??.??"]
[WhiteTeam "Barbican Youth"]
[BlackTeam "Pandora's Box Grantham"]

1. d4 Nf6 2. Nc3 d5 3. Bg5 c5 4. Bxf6 gxf6 5. e3 Nc6 6. Nge2 e6 7. g3 b6 8. Bg2
f5 9. Na4 Ba6 10. c3 Rc8 11. O-O Bd6 12. Re1 O-O 13. dxc5 bxc5 14. Nf4 Qf6 15.
Rc1 Rfd8 16. b3 Bf8 17. Qh5 h6 18. h4 Ne7 19. Red1 Bb5 20. Nb2 Bc6 21. Qe2 Ng6
22. Nxg6 fxg6 23. Nd3 e5 24. b4 c4 25. Nb2 Bb7 26. a4 g5 27. hxg5 hxg5 28. a5
Rc7 29. f4 gxf4 30. gxf4 exf4 31. exf4 Rg7 32. Rd2 Rdd7 33. Kf1 Qh4 34. Qf2 Qg4
35. Rcd1 Rh7 36. Bxd5+ Bxd5 37. Rxd5 Rh1+ 0-1

[Event "4NCL"]
[Site "Barcelo Hotel, Hinckley Island"]
[Date "2012.01.15"]
[Round "165.5"]
[White "Birtwistle, Nigel"]
[Black "O'Toole, George E"]
[Result "1/2-1/2"]
[WhiteElo "2173"]
[BlackElo "2187"]
[PlyCount "61"]
[EventDate "2012.??.??"]
[WhiteTeam "Pandora's Box Grantham"]
[BlackTeam "Barbican Youth"]

1. Nf3 Nf6 2. d4 d6 3. g3 g6 4. Bg2 Bg7 5. O-O O-O 6. Nc3 Nbd7 7. e4 e5 8. h3
c6 9. Be3 b5 10. dxe5 Nxe5 11. Nxe5 dxe5 12. Qxd8 Rxd8 13. Rfd1 Be6 14. b3 a6
15. a4 Nd7 16. Rd6 b4 17. Na2 Rac8 18. Bf1 Bf8 19. Rd2 a5 20. Rad1 Be7 21. Ba6
Rb8 22. Kg2 Kf8 23. Nc1 f6 24. Nd3 Ke8 25. Nb2 Nc5 26. Rxd8+ Rxd8 27. Rxd8+
Kxd8 28. Bc4 Bc8 29. Bxc5 Bxc5 30. Bg8 Ke7 31. Nd3 1/2-1/2

[Event "4NCL"]
[Site "Barcelo Hotel, Hinckley Island"]
[Date "2012.01.15"]
[Round "165.6"]
[White "Cumming, Rhys"]
[Black "Capuzzo, Marcos"]
[Result "1/2-1/2"]
[WhiteElo "2010"]
[BlackElo "2230"]
[PlyCount "54"]
[EventDate "2012.??.??"]
[WhiteTeam "Barbican Youth"]
[BlackTeam "Pandora's Box Grantham"]

1. e4 d5 2. exd5 Nf6 3. c4 e6 4. Nc3 exd5 5. cxd5 Nxd5 6. Nf3 Be7 7. Bc4 Nb6 8.
Bb3 Nc6 9. h3 Bf6 10. O-O O-O 11. Ne4 Nd4 12. Nxf6+ Qxf6 13. Nxd4 Qxd4 14. Qf3
Be6 15. Qxb7 Bxb3 16. axb3 Nd5 17. Qc6 Rad8 18. Qc4 Qb6 19. d4 Rfe8 20. Bg5 Rd6
21. Rfe1 Rb8 22. Be7 Rd7 23. Bc5 Qg6 24. Qe2 h6 25. Qf3 Qc2 26. Rxa7 Rxb3 27.
Qe2 Rxb2 1/2-1/2

[Event "4NCL"]
[Site "Barcelo Hotel, Hinckley Island"]
[Date "2012.01.15"]
[Round "165.7"]
[White "Burrows, Martin P"]
[Black "Stewart, Ashley"]
[Result "1/2-1/2"]
[WhiteElo "2152"]
[BlackElo "2001"]
[PlyCount "66"]
[EventDate "2012.??.??"]
[WhiteTeam "Pandora's Box Grantham"]
[BlackTeam "Barbican Youth"]

1. e4 c5 2. Nf3 d6 3. d4 cxd4 4. Nxd4 Nf6 5. Nc3 g6 6. Bc4 Bg7 7. h3 O-O 8. Be3
Nc6 9. Bb3 Na5 10. O-O b6 11. Qd3 Bb7 12. Bd5 Qd7 13. Rfe1 Rac8 14. Rad1 Rfe8
15. Bg5 a6 16. Bxb7 Qxb7 17. Nf3 Nc4 18. Bc1 Nd7 19. Nd2 Nde5 20. Qg3 b5 21.
Ndb1 b4 22. Nd5 Nb6 23. Nxb4 a5 24. Nd5 Nxd5 25. exd5 Rxc2 26. Nc3 Rc8 27. Ne2
Nd7 28. Qe3 Nb6 29. Qb3 a4 30. Qb4 R2c4 31. Qd2 Rc2 32. Qb4 R2c4 33. Qd2 Rc2
1/2-1/2

[Event "4NCL"]
[Site "Barcelo Hotel, Hinckley Island"]
[Date "2012.01.15"]
[Round "165.8"]
[White "Morrison, Lynne GP"]
[Black "Batchelor, Peter J"]
[Result "0-1"]
[WhiteElo "1897"]
[BlackElo "2006"]
[PlyCount "86"]
[EventDate "2012.??.??"]
[WhiteTeam "Barbican Youth"]
[BlackTeam "Pandora's Box Grantham"]

1. d4 d5 2. Nf3 Nf6 3. e3 e6 4. Bd3 c5 5. c3 Nc6 6. Nbd2 Bd6 7. O-O O-O 8. Re1
cxd4 9. exd4 Qc7 10. Nf1 e5 11. dxe5 Nxe5 12. Nxe5 Bxe5 13. Bg5 Ng4 14. g3 h6
15. Bd2 Bd7 16. Qf3 Nf6 17. Bf5 Bc6 18. Qd3 Rad8 19. Qc2 Rfe8 20. Rad1 b6 21.
Bh3 Ne4 22. Be3 Qb7 23. Bg2 Nd6 24. Bc1 Nb5 25. Qf5 g6 26. Qc2 Bg7 27. h4 d4
28. Bxc6 Qxc6 29. c4 Nd6 30. b3 Nf5 31. Qd3 Re6 32. Bb2 Rde8 33. Qd2 h5 34. Ba3
Bh6 35. Rxe6 Qxe6 36. Qd3 Qe2 37. Qb1 Re4 38. Bb4 Nxh4 39. gxh4 Rg4+ 40. Ng3
Be3 41. Bd6 Bxf2+ 42. Kh1 Qf3+ 43. Kh2 Rxh4# 0-1

[Event "4NCL"]
[Site "Barcelo Hotel, Hinckley Island"]
[Date "2012.01.15"]
[Round "166.1"]
[White "Arnott, Jonathan W"]
[Black "Swanson, Stephen"]
[Result "1/2-1/2"]
[WhiteElo "2191"]
[BlackElo "2277"]
[PlyCount "100"]
[EventDate "2012.??.??"]
[WhiteTeam "White Rose 2"]
[BlackTeam "Poisoned Pawns"]

1. e4 d6 2. d4 g6 3. Nc3 Bg7 4. Nf3 a6 5. a4 Nf6 6. Be2 O-O 7. O-O Nc6 8. Bg5
h6 9. Bh4 Bg4 10. h3 Bxf3 11. Bxf3 Nd7 12. Ne2 Qe8 13. c3 e5 14. d5 Ne7 15.
Bxe7 Qxe7 16. Ra3 a5 17. Qb1 b6 18. Bg4 Nf6 19. Bf3 h5 20. g3 Bh6 21. c4 Nd7
22. Qc2 Nc5 23. Bg2 Rae8 24. h4 Kh8 25. Bh3 Rg8 26. Kh2 Ref8 27. Ng1 f5 28.
exf5 gxf5 29. Bxf5 e4 30. Be6 Rg7 31. Qe2 Qe8 32. Nh3 Nxe6 33. dxe6 Qxe6 34.
Qxh5 Rh7 35. Qe2 c6 36. f3 Rhf7 37. f4 d5 38. cxd5 cxd5 39. Qe3 Rc7 40. Rc1
Rxc1 41. Qxc1 d4 42. Qd1 Qd5 43. Rc3 d3 44. Ng5 Bxg5 45. Qh5+ Kg7 46. Rc7+ Rf7
47. Rxf7+ Qxf7 48. Qxg5+ Kh7 49. f5 e3 50. Qxe3 Qxf5 1/2-1/2

[Event "4NCL"]
[Site "Barcelo Hotel, Hinckley Island"]
[Date "2012.01.15"]
[Round "166.2"]
[White "Goodger, Martyn"]
[Black "Adams, David M"]
[Result "1-0"]
[WhiteElo "2098"]
[BlackElo "2217"]
[PlyCount "115"]
[EventDate "2012.??.??"]
[WhiteTeam "Poisoned Pawns"]
[BlackTeam "White Rose 2"]

1. e4 c6 2. c4 e5 3. Nf3 d6 4. d4 Nd7 5. Nc3 Ngf6 6. Be2 Be7 7. O-O O-O 8. h3
Re8 9. Qc2 Bf8 10. d5 Nh5 11. Re1 Nf4 12. Bf1 Qf6 13. Re3 Nc5 14. b4 Na6 15. a3
c5 16. Rb1 g5 17. Nxg5 h6 18. Nf3 Kh8 19. Ne2 Be7 20. Nxf4 Qxf4 21. Reb3 Qf6
22. Qd2 Rg8 23. Qxh6+ Qxh6 24. Bxh6 Rg6 25. Bd2 f5 26. Bd3 f4 27. Kh2 b6 28. g3
fxg3+ 29. fxg3 Bd7 30. g4 Rf8 31. Kg3 Ba4 32. R3b2 Rgf6 33. Be2 Bd7 34. g5 R6f7
35. h4 Rh7 36. Nh2 Rxh4 37. Kxh4 Rf2 38. Kg3 Rxe2 39. b5 Nc7 40. Re1 Rxe1 41.
Bxe1 Bxg5 42. Bd2 Be7 43. Nf3 Kg7 44. Rb1 Ne8 45. a4 Nf6 46. Ng5 Kg6 47. Kf3
Bg4+ 48. Kf2 Bh5 49. Ke1 Ng4 50. Nf3 Nf6 51. Nh4+ Kf7 52. Nf5 Nxe4 53. Nxe7
Kxe7 54. a5 bxa5 55. Ra1 Ng3 56. Rxa5 Kf6 57. Rxa7 e4 58. b6 1-0

[Event "4NCL"]
[Site "Barcelo Hotel, Hinckley Island"]
[Date "2012.01.15"]
[Round "166.3"]
[White "Shaw, Peter"]
[Black "Winfridsson, Ola"]
[Result "1-0"]
[WhiteElo "2180"]
[BlackElo "2122"]
[PlyCount "71"]
[EventDate "2012.??.??"]
[WhiteTeam "White Rose 2"]
[BlackTeam "Poisoned Pawns"]

1. d4 d5 2. c4 e6 3. Nc3 Be7 4. Nf3 Nf6 5. Bg5 h6 6. Bh4 O-O 7. e3 b6 8. Qb3
Bb7 9. Bxf6 Bxf6 10. cxd5 exd5 11. Rd1 Re8 12. Be2 c6 13. O-O Qd6 14. Rfe1 Nd7
15. Bf1 Rab8 16. e4 dxe4 17. Nxe4 Qf4 18. g3 Qxe4 19. Rxe4 Rxe4 20. Bc4 Re7 21.
Re1 Rxe1+ 22. Nxe1 Rf8 23. Nc2 b5 24. Be2 Nb6 25. Bf3 Rd8 26. Qc3 Na4 27. Qa5
Nxb2 28. Qc7 Bc8 29. Qxc6 Bf5 30. Ne3 Rc8 31. Qxb5 Rc1+ 32. Kg2 Nd3 33. Qxf5
Ne1+ 34. Kh3 Nxf3 35. Qxf3 Bxd4 36. Qa8+ 1-0

[Event "4NCL"]
[Site "Barcelo Hotel, Hinckley Island"]
[Date "2012.01.15"]
[Round "166.4"]
[White "Byway, Paul V"]
[Black "O'Driscoll, Kieran"]
[Result "1/2-1/2"]
[WhiteElo "2160"]
[BlackElo "2104"]
[PlyCount "147"]
[EventDate "2012.??.??"]
[WhiteTeam "Poisoned Pawns"]
[BlackTeam "White Rose 2"]

1. Nf3 d5 2. g3 Nf6 3. Bg2 Nbd7 4. d4 e6 5. O-O Be7 6. b3 O-O 7. Bb2 b6 8. c4
Bb7 9. Nc3 c6 10. Qc2 Rc8 11. e4 dxe4 12. Nxe4 Nxe4 13. Qxe4 Qc7 14. Qe2 Rfd8
15. Rfe1 Bf6 16. Rad1 c5 17. dxc5 Nxc5 18. Bxf6 gxf6 19. Nh4 Bxg2 20. Nxg2 Rxd1
21. Rxd1 Rd8 22. Nf4 Rxd1+ 23. Qxd1 Kf8 24. Kg2 Ke7 25. f3 Qe5 26. Qd2 Nb7 27.
Ne2 Nd6 28. Nc3 h5 29. h4 f5 30. Ne2 Ne8 31. Kf2 Qc5+ 32. Qe3 Qxe3+ 33. Kxe3 e5
34. Nc3 Nf6 35. Nb5 a6 36. Nc7 a5 37. Nb5 Kd7 38. f4 Ng4+ 39. Ke2 f6 40. Nc3
Kd6 41. a3 Kc5 42. Na4+ Kc6 43. b4 axb4 44. axb4 b5 45. Nb2 bxc4 46. Nxc4 Kb5
47. Nd6+ Kxb4 48. Nxf5 Kc4 49. Ng7 Kd4 50. Nxh5 Ke4 51. fxe5 Kxe5 52. Nf4 Kf5
53. Nd5 Ne5 54. Ne3+ Kg6 55. Kf2 Kh5 56. Kg2 Kg6 57. g4 Nd3 58. Kg3 Nc5 59. Nf5
Nd3 60. Nd6 Ne5 61. h5+ Kg7 62. Kf4 Nc6 63. Kf5 Nd4+ 64. Ke4 Ne6 65. Nb5 Kh6
66. Nd4 Nc7 67. Kf5 Nd5 68. Ke4 Nc7 69. Nf5+ Kg5 70. Kf3 Ne6 71. Kg3 Nf4 72. h6
Ng6 73. h7 Nh8 74. Ne7 1/2-1/2

[Event "4NCL"]
[Site "Barcelo Hotel, Hinckley Island"]
[Date "2012.01.15"]
[Round "166.5"]
[White "Burnett, Jim"]
[Black "Rosen, Daniel B"]
[Result "1-0"]
[WhiteElo "2137"]
[BlackElo "2125"]
[PlyCount "63"]
[EventDate "2012.??.??"]
[WhiteTeam "White Rose 2"]
[BlackTeam "Poisoned Pawns"]

1. d4 f5 2. g3 Nf6 3. Bg2 e6 4. Nf3 Be7 5. O-O O-O 6. c4 d5 7. b3 c6 8. Ba3 Bd7
9. Bxe7 Qxe7 10. Nbd2 Be8 11. Ne5 Bh5 12. Ndf3 Bxf3 13. Nxf3 Nbd7 14. Qc2 Rac8
15. Rac1 Ne4 16. e3 Nd6 17. Qb2 b5 18. cxb5 cxb5 19. Qa3 Nb8 20. Ne5 Rxc1 21.
Rxc1 Rc8 22. Bf1 Rxc1 23. Qxc1 a6 24. Qc5 Qd8 25. a4 Ne4 26. Qa7 Nd6 27. axb5
axb5 28. Bxb5 Nxb5 29. Qf7+ Kh8 30. Qxe6 Qf8 31. Nf7+ Kg8 32. Nd6+ 1-0

[Event "4NCL"]
[Site "Barcelo Hotel, Hinckley Island"]
[Date "2012.01.15"]
[Round "166.6"]
[White "Doci, Stefan"]
[Black "Lewyk, Ihor"]
[Result "1/2-1/2"]
[WhiteElo "2103"]
[BlackElo "2091"]
[PlyCount "122"]
[EventDate "2012.??.??"]
[WhiteTeam "Poisoned Pawns"]
[BlackTeam "White Rose 2"]

1. d4 Nf6 2. Nf3 g6 3. b3 Bg7 4. Bb2 O-O 5. e3 b6 6. Bd3 Bb7 7. Nbd2 d5 8. O-O
Nbd7 9. c4 c6 10. Rc1 Rc8 11. Re1 Re8 12. Nf1 e6 13. Ng3 dxc4 14. bxc4 c5 15.
h4 h5 16. Ng5 Nf8 17. Bb1 Qd7 18. Qe2 cxd4 19. exd4 Qc6 20. N3e4 Nxe4 21. Bxe4
Qc7 22. Bxb7 Qxb7 23. Ne4 Qe7 24. g3 Nh7 25. Qf3 Red8 26. Ba3 Qc7 27. d5 exd5
28. cxd5 Qd7 29. d6 Rxc1 30. Rxc1 Rc8 31. Rxc8+ Qxc8 32. Qd3 Qd7 33. Qc4 Nf8
34. Ng5 Bf6 35. Ne4 Bg7 36. Bc1 Ne6 37. Qd5 Nf8 38. Bg5 Qe6 39. Qc6 f6 40. Bf4
Qd7 41. Qd5+ Ne6 42. Bc1 Kf7 43. Bb2 Bh8 44. f3 Bg7 45. g4 hxg4 46. fxg4 Kf8
47. Nxf6 Bxf6 48. Bxf6 Nc5 49. Be7+ Kg7 50. Qe5+ Kh7 51. Qf4 Qe6 52. Qf3 Qxa2
53. h5 Qe6 54. hxg6+ Kxg6 55. Kg2 a5 56. Kh3 a4 57. Qf4 a3 58. Qg5+ Kf7 59.
Qf4+ Kg6 60. Qg5+ Kf7 61. Qf4+ Kg6 1/2-1/2

[Event "4NCL"]
[Site "Barcelo Hotel, Hinckley Island"]
[Date "2012.01.15"]
[Round "166.7"]
[White "Archer, Richard"]
[Black "McMahon, Paul"]
[Result "1/2-1/2"]
[WhiteElo "2014"]
[BlackElo "2029"]
[PlyCount "38"]
[EventDate "2012.??.??"]
[WhiteTeam "White Rose 2"]
[BlackTeam "Poisoned Pawns"]

1. d4 Nf6 2. Nf3 g6 3. g3 Bg7 4. Bg2 O-O 5. O-O d6 6. Re1 c5 7. c3 Nbd7 8. e4
e5 9. Na3 cxd4 10. cxd4 Re8 11. dxe5 dxe5 12. Bg5 b6 13. Nc4 Ba6 14. Bf1 Bxc4
15. Bxc4 Nc5 16. Qe2 h6 17. Red1 Qe7 18. Bxf6 Qxf6 19. Rd5 Rad8 1/2-1/2

[Event "4NCL"]
[Site "Barcelo Hotel, Hinckley Island"]
[Date "2012.01.15"]
[Round "166.8"]
[White "Redman, David J"]
[Black "Weller, Pierre"]
[Result "1-0"]
[WhiteElo "1804"]
[BlackElo "1987"]
[PlyCount "85"]
[EventDate "2012.??.??"]
[WhiteTeam "Poisoned Pawns"]
[BlackTeam "White Rose 2"]

1. d4 Nf6 2. c4 c5 3. e3 e6 4. Nc3 a6 5. Nf3 d5 6. dxc5 Bxc5 7. cxd5 exd5 8. g3
Bg4 9. Bg2 Nc6 10. h3 Bh5 11. O-O O-O 12. g4 Bg6 13. Ne1 Ne7 14. Nd3 Bxd3 15.
Qxd3 Qd7 16. g5 Nh5 17. Nxd5 Rad8 18. e4 f5 19. Qb3 Kh8 20. Nxe7 Qxe7 21. Qf3
g6 22. Be3 fxe4 23. Bxc5 Qxc5 24. Qc3+ Qxc3 25. bxc3 Rd3 26. Bxe4 Rxh3 27. Bxb7
Rf5 28. Rfd1 Rxg5+ 29. Kf1 Rb5 30. Be4 Re5 31. Bb7 Re7 32. Rab1 Nf4 33. c4 Rxb7
34. Rd8+ Kg7 35. Rxb7+ Kh6 36. Ke1 Rc3 37. Rc8 Rc2 38. Rf7 Nd3+ 39. Kf1 Rxa2
40. c5 Kg5 41. c6 Nf4 42. Rxf4 Kxf4 43. Rf8+ 1-0

[Event "4NCL"]
[Site "Barcelo Hotel, Hinckley Island"]
[Date "2012.01.15"]
[Round "167.3"]
[White "Bak, Andrew"]
[Black "Whiteley, Andrew J"]
[Result "1/2-1/2"]
[WhiteElo "2027"]
[BlackElo "2280"]
[PlyCount "92"]
[EventDate "2012.??.??"]
[WhiteTeam "Bradford DCA Knights A"]
[BlackTeam "Kings Head"]

1. e4 e6 2. d4 d5 3. Nc3 Bb4 4. e5 c5 5. a3 Bxc3+ 6. bxc3 Qc7 7. Qg4 f6 8. Bb5+
Kf8 9. Nf3 Qa5 10. Rb1 Qxc3+ 11. Bd2 Qxc2 12. O-O Qg6 13. Qf4 f5 14. Rfc1 Ne7
15. Rxc5 Nbc6 16. Qh4 Qg4 17. Rbc1 Qxh4 18. Nxh4 a6 19. Bxc6 Nxc6 20. a4 Kf7
21. Nf3 h6 22. a5 g5 23. Bc3 Bd7 24. Rb1 Rab8 25. Ne1 Rbc8 26. Nd3 Na7 27. Rxc8
Nxc8 28. Nc5 Bb5 29. Ra1 Na7 30. f3 Bc6 31. Ra2 Nb5 32. Ba1 Ke7 33. Kf2 Re8 34.
Ke2 Kd8 35. Kd3 Kc7 36. Bb2 Re7 37. Bc1 Na7 38. Ba3 Bb5+ 39. Ke3 Re8 40. Bb2
Bc4 41. Ra1 Kc6 42. Bc3 Nb5 43. Bb2 f4+ 44. Kf2 Nc7 45. Bc3 Nb5 46. Bb2 Nc7
1/2-1/2

[Event "4NCL"]
[Site "Barcelo Hotel, Hinckley Island"]
[Date "2012.01.15"]
[Round "167.4"]
[White "Haria, Ravi"]
[Black "Hackner, Oskar A"]
[Result "0-1"]
[WhiteElo "2060"]
[BlackElo "2014"]
[PlyCount "80"]
[EventDate "2012.??.??"]
[WhiteTeam "Kings Head"]
[BlackTeam "Bradford DCA Knights A"]

1. e4 e6 2. d4 d5 3. e5 c5 4. c3 Nc6 5. Nf3 Qb6 6. a3 f6 7. Bd3 fxe5 8. Nxe5
Nxe5 9. dxe5 g6 10. h4 c4 11. Bc2 Bc5 12. Qe2 Ne7 13. Nd2 Bd7 14. Nf3 O-O-O 15.
Rb1 Bb5 16. a4 Bc6 17. b4 cxb3 18. Rxb3 Qa5 19. O-O Bxa4 20. Rb2 Bxc2 21. Qxc2
Qc7 22. Bg5 Rd7 23. Rfb1 Qc6 24. Qd3 Rc7 25. Nd4 Bxd4 26. cxd4 Qc4 27. Qa3 Nc6
28. Qd6 Re8 29. Rxb7 Rxb7 30. Rxb7 Kxb7 31. Qd7+ Kb6 32. Qxe8 a5 33. Qxe6 a4
34. Bd8+ Kb5 35. Qd7 a3 36. Qb7+ Ka4 37. Bg5 a2 38. Qb2 Nxd4 39. Bf6 Ne6 40. g3
Qb3 0-1

[Event "4NCL"]
[Site "Barcelo Hotel, Hinckley Island"]
[Date "2012.01.15"]
[Round "167.5"]
[White "Nicholson, Jim WR"]
[Black "Thomas, Rik H"]
[Result "1/2-1/2"]
[WhiteElo "1990"]
[BlackElo "2197"]
[PlyCount "61"]
[EventDate "2012.??.??"]
[WhiteTeam "Bradford DCA Knights A"]
[BlackTeam "Kings Head"]

1. d4 g6 2. Nf3 Bg7 3. c3 Nf6 4. Bg5 d6 5. Nbd2 O-O 6. e4 b6 7. Be2 Bb7 8. Qb1
c5 9. O-O cxd4 10. cxd4 Nbd7 11. Rd1 Rc8 12. h3 Qc7 13. Bd3 Qb8 14. a4 e5 15.
d5 Nc5 16. Bc2 Na6 17. Bb3 Nd7 18. Ne1 Nb4 19. Nd3 Nxd3 20. Qxd3 Nc5 21. Qb1
Nxb3 22. Nxb3 Ba6 23. Rc1 Rxc1+ 24. Qxc1 Rc8 25. Qd1 Rc7 26. Rc1 Qc8 27. Rxc7
Qxc7 28. Qc1 Qxc1+ 29. Nxc1 f5 30. f3 Kf7 31. Bd2 1/2-1/2

[Event "4NCL"]
[Site "Barcelo Hotel, Hinckley Island"]
[Date "2012.01.15"]
[Round "167.6"]
[White "Mackenzie, Colin"]
[Black "Patrick, David A"]
[Result "1-0"]
[WhiteElo "2096"]
[BlackElo "1953"]
[PlyCount "81"]
[EventDate "2012.??.??"]
[WhiteTeam "Kings Head"]
[BlackTeam "Bradford DCA Knights A"]

1. c4 Nf6 2. g3 c6 3. Bg2 d5 4. Nf3 dxc4 5. Qc2 g6 6. Qxc4 Bg7 7. O-O O-O 8. d3
Nbd7 9. Nc3 Nb6 10. Qh4 Qd7 11. h3 Qf5 12. g4 Qa5 13. Rb1 Nbd5 14. Nxd5 cxd5
15. a3 Qd8 16. Bf4 Re8 17. Rbc1 Qb6 18. b4 Qa6 19. Ra1 h5 20. g5 Nd7 21. d4
Qxe2 22. Rfe1 Qd3 23. Re3 Qa6 24. Bf1 Qa4 25. Rc1 Nb6 26. Rc7 Bf5 27. Be5 Qd1
28. Qf4 Bxe5 29. dxe5 Rac8 30. Re1 Qa4 31. e6 fxe6 32. Nd4 Rxc7 33. Qxc7 Qd7
34. Qe5 Qd6 35. Nxf5 gxf5 36. Qe2 Rc8 37. Qxh5 e5 38. g6 Qf6 39. Rxe5 Rc3 40.
Rxf5 Qg7 41. Rf7 1-0

[Event "4NCL"]
[Site "Barcelo Hotel, Hinckley Island"]
[Date "2012.01.15"]
[Round "167.7"]
[White "Burke, Mitchell R"]
[Black "Stevenson, James AB"]
[Result "1/2-1/2"]
[WhiteElo "1897"]
[BlackElo "2080"]
[PlyCount "43"]
[EventDate "2012.??.??"]
[WhiteTeam "Bradford DCA Knights A"]
[BlackTeam "Kings Head"]

1. e4 c5 2. Nc3 Nc6 3. f4 g6 4. Nf3 Bg7 5. Bb5 Nd4 6. O-O Nxb5 7. Nxb5 d5 8. e5
a6 9. Nc3 e6 10. d4 cxd4 11. Nxd4 Ne7 12. Be3 Bd7 13. Qd2 O-O 14. Nce2 Qc7 15.
c3 f6 16. exf6 Bxf6 17. Rae1 Rae8 18. Bf2 Nc8 19. Nc1 Nd6 20. Nd3 Ne4 21. Qe2
Bg7 22. Be3 1/2-1/2

[Event "4NCL"]
[Site "Barcelo Hotel, Hinckley Island"]
[Date "2012.01.15"]
[Round "167.8"]
[White "Davey, Mark"]
[Black "Jones, Rupert W"]
[Result "1-0"]
[WhiteElo "2005"]
[BlackElo "1947"]
[PlyCount "95"]
[EventDate "2012.??.??"]
[WhiteTeam "Kings Head"]
[BlackTeam "Bradford DCA Knights A"]

1. e4 d5 2. exd5 Nf6 3. d4 Bg4 4. Be2 Bxe2 5. Qxe2 Qxd5 6. Nf3 Nc6 7. c4 Qf5 8.
Bd2 e6 9. O-O O-O-O 10. Bc3 Bd6 11. a3 Qh5 12. Re1 Rhe8 13. Nbd2 e5 14. Nxe5
Qxe2 15. Rxe2 Nxe5 16. dxe5 Bxe5 17. Bxe5 Ng4 18. Nf3 f6 19. Bxf6 Rxe2 20. Bxd8
Kxd8 21. Rd1+ Kc8 22. Rd2 Re4 23. Rd4 Rxd4 24. Nxd4 Ne5 25. b3 Kd7 26. Kf1 a5
27. a4 b6 28. Ke2 g6 29. f4 Ng4 30. h3 Nf6 31. Ke3 h5 32. Nf3 Ke6 33. Ne5 Kf5
34. Nc6 Ke6 35. g3 Ne8 36. Ne5 Kf6 37. c5 bxc5 38. Nd7+ Ke7 39. Nxc5 Nd6 40. g4
hxg4 41. hxg4 Kf7 42. Kd4 c6 43. Nd7 g5 44. f5 Ke7 45. Ne5 Kf6 46. Nxc6 Nxf5+
47. gxf5 Kxf5 48. Ke3 1-0

[Event "4NCL"]
[Site "Barcelo Hotel, Hinckley Island"]
[Date "2012.01.15"]
[Round "168.1"]
[White "Spencer, Carl J"]
[Black "Brown, Alan M"]
[Result "1-0"]
[WhiteElo "2171"]
[BlackElo "2135"]
[PlyCount "65"]
[EventDate "2012.??.??"]
[WhiteTeam "Cambridge University 2"]
[BlackTeam "FCA Solutions 1"]

1. e4 e6 2. d4 d5 3. Nd2 Nf6 4. e5 Nfd7 5. Bd3 b6 6. Ne2 Ba6 7. c4 c5 8. Nf3
Bxc4 9. Bxc4 dxc4 10. d5 Na6 11. dxe6 fxe6 12. Nf4 Nc7 13. Qc2 Be7 14. Qxc4 b5
15. Qe4 Nb6 16. Be3 O-O 17. O-O Qe8 18. Rac1 Nc4 19. b3 Nxe3 20. fxe3 Rb8 21.
Nd3 Na6 22. Qg4 Rb6 23. Nf4 Nc7 24. e4 Rc6 25. h4 c4 26. Kh1 cxb3 27. axb3 Ba3
28. Rxc6 Qxc6 29. Nh5 Rf7 30. Nf6+ Kf8 31. Nxh7+ Ke7 32. Rd1 Ke8 33. Qg6 1-0

[Event "4NCL"]
[Site "Barcelo Hotel, Hinckley Island"]
[Date "2012.01.15"]
[Round "168.5"]
[White "Chan, Nevil"]
[Black "Smith, Graham M"]
[Result "1/2-1/2"]
[WhiteElo "2117"]
[BlackElo "2069"]
[PlyCount "36"]
[EventDate "2012.??.??"]
[WhiteTeam "Cambridge University 2"]
[BlackTeam "FCA Solutions 1"]

1. d4 Nf6 2. Nc3 d5 3. Bg5 Nbd7 4. Nf3 g6 5. e3 Bg7 6. Bd3 c6 7. O-O O-O 8. Re1
Re8 9. e4 dxe4 10. Nxe4 Nxe4 11. Rxe4 Nf6 12. Rh4 Bg4 13. Bc4 Qa5 14. Bxf6 Bxf3
15. Qxf3 exf6 16. Re4 f5 17. Rxe8+ Rxe8 18. c3 Qc7 1/2-1/2

[Event "4NCL"]
[Site "Barcelo Hotel, Hinckley Island"]
[Date "2012.01.15"]
[Round "168.6"]
[White "Kendall, Paul SN"]
[Black "Kumar, Vedantha"]
[Result "0-1"]
[WhiteElo "2042"]
[BlackElo "1990"]
[PlyCount "44"]
[EventDate "2012.??.??"]
[WhiteTeam "FCA Solutions 1"]
[BlackTeam "Cambridge University 2"]

1. e4 e5 2. Nf3 Nc6 3. d4 exd4 4. Bc4 Nf6 5. e5 d5 6. Bb5 Ne4 7. Nxd4 Bc5 8.
Be3 Bd7 9. Bxc6 bxc6 10. Nd2 Nxd2 11. Qxd2 Qe7 12. O-O-O O-O 13. Rhe1 Rfb8 14.
Nb3 Bb6 15. Qc3 a5 16. f4 a4 17. Bc5 Qh4 18. g3 Qh5 19. Bxb6 axb3 20. Bg1 Bg4
21. a3 Bxd1 22. Rxd1 Rxa3 0-1

[Event "4NCL"]
[Site "Barcelo Hotel, Hinckley Island"]
[Date "2012.01.15"]
[Round "168.7"]
[White "Gooding, Ian"]
[Black "Fraser-Mitchell, Jeremy N"]
[Result "0-1"]
[WhiteElo "2035"]
[BlackElo "2085"]
[PlyCount "54"]
[EventDate "2012.??.??"]
[WhiteTeam "Cambridge University 2"]
[BlackTeam "FCA Solutions 1"]

1. e4 e6 2. d4 d5 3. Nc3 Bb4 4. e5 c5 5. a3 Bxc3+ 6. bxc3 Qc7 7. Qg4 f5 8. Qg3
Ne7 9. Bd2 O-O 10. Bd3 b6 11. Nf3 Nec6 12. O-O Qf7 13. a4 cxd4 14. cxd4 Bd7 15.
Rfb1 Rc8 16. a5 Nxa5 17. Bxa5 bxa5 18. Rb7 Nc6 19. Ng5 Qe8 20. c3 Rab8 21. Rab1
Rxb7 22. Rxb7 Rb8 23. Rxb8 Qxb8 24. Qf3 h6 25. Nh3 Qb2 26. g4 Qxc3 27. gxf5
Nxd4 0-1